[Event "4th Lost Boys tournament, Group A"]
[Site "Antwerp"]
[Date "1997.08.07"]
[Round "6"]
[White "Shirazi, Kamran"]
[Black "Bartels, Hans"]
[Result "1-0"]
[WhiteElo "2430"]
[BlackElo "2325"]
[WhiteTitle "IM"]
[BlackTitle "FM"]
[Source "365chess.com"]
[Board "12"]

1. c4 e6 2. g3 d5 3. Bg2 Nf6 4. Nf3 dxc4 5. Qa4+ Nbd7 6. Ne5 c6 7. Nxd7 Bxd7
8. Qxc4 e5 9. O-O Be6 10. Qc2 Bd5 11. Bh3 c5 12. Nc3 Bc6 13. d3 Be7 14. Bg5 O-O
15. Rfc1 b6 16. a3 Bb7 17. Qa4 h6 18. Bxf6 Bxf6 19. Bg2 Bxg2 20. Kxg2 Bg5
21. Rc2 Qd4 22. h4 Qxa4 23. Nxa4 Be7 24. Nc3 Rfd8 25. Ne4 Rd4 26. Nd2 f6 27. h5
Kf7 28. f3 f5 29. Nc4 Ke6 30. b4 e4 31. dxe4 fxe4 32. bxc5 Bxc5 33. a4 Rad8
34. Raa2 exf3+ 35. exf3 Kf6 36. Na5 Rd1 37. Nc6 R8d5 38. f4 Rg1+ 39. Kh3 Rxh5+
40. Kg4 Rd5 41. Rd2 Rxd2 42. Rxd2 a5 43. Ne5 Ra1 44. Rd7 g5 45. Rh7 gxf4
46. gxf4 Rxa4 47. Rxh6+ Ke7 48. Kf5 Be3 49. Re6+ Kd8 50. Nf7+ Kc7 51. Rxe3 b5
52. Ke5 Ra1 53. Nd6 b4 54. f5 Rd1 55. Ne4 Kc6 56. f6 a4 57. f7 Rd8 58. Ke6 b3
59. Nd2 b2 60. Nf1 1-0

[Event "4th Lost Boys tournament, Group A"]
[Site "Antwerp"]
[Date "1997.08.07"]
[Round "6"]
[White "Abolianin, Arthur"]
[Black "van Mil, Johan"]
[Result "0-1"]
[WhiteElo "2315"]
[BlackElo "2420"]
[BlackTitle "IM"]
[Source "365chess.com"]
[Board "13"]

1. d4 g6 2. c4 Bg7 3. e4 Nc6 4. Ne2 d6 5. Nbc3 e5 6. Be3 Nh6 7. f3 f5 8. d5 Ne7
9. Qd2 Nf7 10. Nc1 O-O 11. Be2 f4 12. Bf2 g5 13. Nd3 c5 14. b4 b6 15. Qb2 h5
16. h3 Bf6 17. a4 a5 18. bxc5 bxc5 19. Nb5 Nf5 20. Nxc5 dxc5 21. Bxc5 Nd4
22. Nxd4 exd4 23. Bxd4 Rb8 24. Qd2 Be5 25. O-O Qf6 26. Bxe5 Nxe5 27. Rab1 Rxb1
28. Rxb1 g4 29. hxg4 hxg4 30. fxg4 Bxg4 31. Bxg4 Nxg4 32. d6 Qh4 33. Qd5+ Kh7
34. Rb7+ Kh6 35. Qd3 Qf2+ 36. Kh1 0-1

[Event "4th Lost Boys tournament, Group A"]
[Site "Antwerp"]
[Date "1997.08.07"]
[Round "6"]
[White "Claesen, Pieter"]
[Black "Donk, Merlijn Silvester"]
[Result "1/2-1/2"]
[WhiteElo "2425"]
[BlackElo "2310"]
[WhiteTitle "FM"]
[BlackTitle "FM"]
[Source "365chess.com"]
[Board "14"]

1. e4 c5 2. Nc3 e6 3. g3 Nc6 4. Bg2 g6 5. d3 Bg7 6. Be3 Nd4 7. f4 Ne7 8. Nf3
O-O 9. O-O d6 10. e5 Nxf3+ 11. Qxf3 Nf5 12. Bf2 Nd4 13. Qd1 dxe5 14. fxe5 Bxe5
15. Ne4 f5 16. Nxc5 Qd6 17. b4 Nc6 18. Rb1 Bd4 19. Qd2 a5 20. Bxd4 Qxd4+ 21. Qf2
Qxf2+ 22. Rxf2 Nxb4 23. c3 Nd5 24. Bxd5 exd5 25. d4 Re8 26. Rb6 Re3 27. Rd6 g5
28. Kg2 b6 29. Na4 Ba6 30. Rxf5 Re2+ 31. Rf2 Rae8 32. Rxb6 Rxf2+ 33. Kxf2 Re2+
34. Kf3 Bc4 35. Nb2 Rc2 36. Nxc4 dxc4 37. Ke4 Rxc3 38. Rc6 a4 39. Kd5 Ra3
40. Kxc4 Rxa2 41. Ra6 Rxh2 42. Rxa4 Kf7 43. Kd5 h5 44. Ke5 h4 45. gxh4 gxh4
46. d5 Re2+ 47. Kd6 h3 48. Rh4 h2 49. Kc7 Rc2+ 50. Kd7 Kf6 51. d6 Kg5 52. Rh8
Kg4 53. Ke7 Re2+ 1/2-1/2

[Event "4th Lost Boys tournament, Group A"]
[Site "Antwerp"]
[Date "1997.08.07"]
[Round "6"]
[White "Delemarre, Jop"]
[Black "Mork, Kjell-Arne"]
[Result "1-0"]
[WhiteElo "2395"]
[BlackElo "2290"]
[WhiteTitle "IM"]
[Source "365chess.com"]
[Board "15"]

1. d4 Nf6 2. Nf3 g6 3. Bg5 Bg7 4. Nbd2 O-O 5. c3 d6 6. e4 c5 7. dxc5 dxc5
8. Bc4 Nc6 9. Qe2 h6 10. Bh4 Nh5 11. Qe3 b6 12. e5 Qc7 13. Bd5 Be6 14. Bxe6 fxe6
15. O-O-O Nf4 16. Bg3 Nxe5 17. Kb1 Ng4 18. Qe4 e5 19. Bxf4 Rxf4 20. Qxa8+ 1-0

[Event "4th Lost Boys tournament, Group A"]
[Site "Antwerp"]
[Date "1997.08.07"]
[Round "6"]
[White "Gershon, Alik"]
[Black "Docx, Stefan"]
[Result "1-0"]
[WhiteElo "2420"]
[BlackElo "2265"]
[WhiteTitle "IM"]
[BlackTitle "FM"]
[Source "365chess.com"]
[Board "21"]

1. e4 c5 2. Nf3 d6 3. d4 cxd4 4. Nxd4 Nf6 5. Nc3 a6 6. f3 e6 7. g4 h6 8. Be3
Qc7 9. Qd2 Nbd7 10. h4 b5 11. Rg1 Ne5 12. g5 hxg5 13. hxg5 Nfd7 14. f4 b4
15. Na4 Nc6 16. g6 Nc5 17. gxf7+ Kxf7 18. Nxc5 dxc5 19. Nf3 Qd6 20. Qf2 Kg8
21. Bd3 b3 22. axb3 Nb4 23. Bc4 a5 24. f5 1-0

[Event "4th Lost Boys tournament, Group A"]
[Site "Antwerp"]
[Date "1997.08.07"]
[Round "6"]
[White "Grabuzova, Tatiana"]
[Black "Van Houtte, Thierry"]
[Result "0-1"]
[WhiteTitle "WGM"]
[WhiteElo "2310"]
[BlackElo "2235"]
[Source "Le Journal du C.R.É.B. No.11"]

1. d4 d5 2. c4 c6 3. Nf3 Nf6 4. Nc3 dxc4 5. a4 Bg4 6. Ne5 Bh5 7. g3 e6 8. Bg2
Bb4 9. Nxc4 Nd5 10. Qb3 O-O 11. e4 Nxc3 12. Qxb4 Ne2 13. Be3 Nxd4 14. O-O Na6
15. Qd2 Nb3 16. Qxd8 Rfxd8 17. Ra3 Nac5 18. f3 f6 19. Rf2 Rd1+ 20. Bf1 Rad8 21.
Kg2 e5 22. g4 Bf7 23. Rc2 Nd4 24. Bxd4 R1xd4 25. Kf2 Ne6 26. Ke3 Nf4 27. b4 Rd1
28. Be2 Rh1 29. Bd3 Rd4 30. b5 h6 31. bxc6 bxc6 32. Na5 Re1+ 33. Kd2 Re2+ 34.
Kd1 Re3 0-1

[Event "4th Lost Boys tournament, Group A"]
[Site "Antwerp"]
[Date "1997.08.08"]
[Round "7"]
[White "Röder, Mathias"]
[Black "Avrukh, Boris Leonidovich"]
[Result "1/2-1/2"]
[WhiteElo "2435"]
[BlackElo "2550"]
[WhiteTitle "IM"]
[BlackTitle "GM"]
[Source "http://www.lostcity.nl/chess/antwerp97/games.html"]
[Board "4"]

1. d4 g6 2. c4 Bg7 3. e4 d6 4. Nc3 Nf6 5. Be2 O-O 6. Bg5 Nbd7 7. Qd2 a6 8. Nf3
Rb8 9. O-O b5 10. cxb5 axb5 11. e5 b4 12. exf6 exf6 13. Bh6 bxc3 14. bxc3 f5
15. Bxg7 Kxg7 16. Rfb1 Ra8 17. a4 Nf6 18. a5 Ba6 19. Bxa6 Rxa6 20. d5 Ne4
21. Qb2 Qa8 22. c4+ Kg8 23. Nd4 Re8 24. Nc6 Nc5 25. Re1 Nd3 26. Rxe8+ Qxe8
27. Qb8 Qxb8 28. Nxb8 Ra8 29. Nc6 Nc5 30. f4 Kf8 31. Rb1 Ke8 32. Kf2 Kd7 33. Rb8
Rxb8 34. Nxb8+ Kc8 35. Nc6 Kb7 36. Ke3 Ka6 37. h4 Nb3 38. Kd3 Nxa5 39. Nd8 Kb6
40. Kd4 Nb3+ 41. Kc3 Nc1 42. Kd2 Na2 43. Nxf7 1/2-1/2

[Event "4th Lost Boys tournament, Group A"]
[Site "Antwerp"]
[Date "1997.08.08"]
[Round "7"]
[White "Barua, Dibyendu"]
[Black "Barsov, Alexei"]
[Result "1-0"]
[WhiteElo "2515"]
[BlackElo "2475"]
[WhiteTitle "GM"]
[BlackTitle "IM"]
[Source "http://www.lostcity.nl/chess/antwerp97/games.html"]
[Board "5"]

1. e4 e6 2. d4 d5 3. Nd2 c5 4. exd5 Qxd5 5. Ngf3 cxd4 6. Bc4 Qd6 7. O-O Nf6
8. Nb3 Nc6 9. Nbxd4 Nxd4 10. Nxd4 a6 11. c3 Qc7 12. Qe2 Bd6 13. h3 O-O 14. a4 e5
15. Nf3 e4 16. Nd4 Qc5 17. Be3 Qe5 18. f4 exf3 19. Nxf3 Qg3 20. Qf2 Qxf2+
21. Bxf2 Bd7 22. Rfd1 Ne4 23. Bd4 Rad8 24. Bd5 Bc6 25. Bxe4 Bxe4 26. Bb6 Rd7
27. Ne5 Re7 28. Nc4 Bf4 29. Bc5 Re6 30. Bxf8 Kxf8 31. Rd4 f5 32. Rf1 g5 33. a5
Ke7 34. Re1 h5 35. Nd2 Be5 36. Rdxe4 fxe4 37. Nxe4 Bc7 38. b4 g4 39. hxg4 hxg4
40. Kf1 Kd8 41. Rd1+ Kc8 42. Rd4 b6 43. axb6 Bxb6 44. Rc4+ Kb7 45. Nc5+ Bxc5
46. Rxc5 Re3 47. Kf2 Rd3 48. Rc4 Kb6 49. Rxg4 Rxc3 50. Rd4 a5 51. bxa5+ Kxa5
52. g3 Kb5 53. Kg2 Rc8 54. Rd1 Rg8 55. Rc1 Kb6 56. Rc3 Kb5 57. Rc2 Kb6 58. Kf3
Rf8+ 59. Ke4 Rg8 60. Kf4 Rf8+ 61. Ke5 Rg8 62. Rg2 Kc6 63. g4 Kd7 64. Kf6 1-0

[Event "4th Lost Boys tournament, Group A"]
[Site "Antwerp"]
[Date "1997.08.08"]
[Round "7"]
[White "Georgiev, Kiril Dimitrov"]
[Black "Shchekachev, Andrei"]
[Result "1/2-1/2"]
[WhiteElo "2670"]
[BlackElo "2510"]
[WhiteTitle "GM"]
[BlackTitle "GM"]
[Source "365chess.com"]
[Board "3"]

1. d4 Nf6 2. Nf3 g6 3. g3 c5 4. c4 Bg7 5. Bg2 Qa5+ 6. Nc3 Ne4 7. Qd3 cxd4
8. Nxd4 Nc5 9. Qe3 Nc6 10. Nb5 Ne6 11. Bd2 Qd8 12. O-O O-O 13. Rac1 a6 14. Na3
Rb8 15. b3 Ned4 16. Nc2 Nf5 17. Qc5 b6 18. Qa3 b5 19. cxb5 axb5 20. Nd5 e6
21. Ndb4 Bb7 22. Nxc6 Bxc6 23. Ba5 Qf6 24. Bxc6 dxc6 25. Nb4 Nd4 26. Nxc6 Nxe2+
27. Kg2 b4 28. Qa4 Nxc1 29. Nxb8 Rxb8 30. Rxc1 Qf5 31. Bb6 Qd5+ 32. Kg1 Bc3
33. Qa7 Ra8 34. Qe7 Rxa2 35. Bc5 Ra8 36. Bxb4 Bd4 37. Be1 Qxb3 38. Qd7 Qd3
39. Qc6 Ra2 40. Qc4 Qxc4 41. Rxc4 e5 42. h4 Ra6 43. Bc3 Bxc3 44. Rxc3 Kg7
45. Kg2 Kf6 46. Rc7 Ke6 47. Rb7 h5 48. Rc7 Rd6 49. Rb7 Ra6 50. Rc7 f6 51. Rb7
Kf5 52. Rb4 Rd6 53. Rc4 Rd4 54. Rc8 Rd2 55. Rc4 Rd3 56. Ra4 Rd2 57. Rc4 g5
1/2-1/2

[Event "4th Lost Boys tournament, Group A"]
[Site "Antwerp"]
[Date "1997.08.08"]
[Round "7"]
[White "Ljubojević, Ljubomir"]
[Black "Delemarre, Jop"]
[Result "1/2-1/2"]
[WhiteElo "2565"]
[BlackElo "2395"]
[WhiteTitle "GM"]
[BlackTitle "IM"]
[Source "365chess.com"]
[Board "7"]

1. Nf3 d5 2. g3 Bg4 3. Bg2 Nd7 4. c4 e6 5. cxd5 exd5 6. O-O Ngf6 7. b3 Bc5
8. Bb2 O-O 9. h3 Bxf3 10. Bxf3 c6 11. e3 Re8 12. Qc2 Bd6 13. Nc3 Nc5 14. Ne2
Nfe4 15. Bg2 Na6 16. Rad1 Be5 17. Bc1 Qb6 18. a3 Bf6 19. Kh2 Nac5 20. b4 Ne6
21. d3 Nd6 22. Bd2 Rad8 23. a4 a6 24. Rb1 Qc7 25. Nc1 h5 26. Kg1 Qd7 27. Nb3 Nf8
28. e4 dxe4 29. dxe4 Ne6 30. Be3 Ng5 31. Nc5 Qc8 32. h4 Ne6 33. Rfd1 Qc7 34. Rd3
g6 35. Nb3 Nc8 36. Nc5 Rxd3 37. Qxd3 Nb6 38. Qb3 Nd7 39. Bh3 Ndf8 40. Qc4 Qe7
41. Nxe6 Nxe6 42. b5 axb5 43. axb5 c5 44. b6 Bd4 45. Bxd4 Nxd4 46. Bg2 Ra8
47. e5 Ra3 48. Kh2 Rf3 49. Qxd4 cxd4 50. Bxf3 d3 51. Rb5 d2 52. Rd5 Qb4 53. Rd8+
Kg7 54. Kg2 Qxb6 55. Rxd2 Qc7 56. Rd5 b6 57. Rb5 1/2-1/2

[Event "4th Lost Boys tournament, Group A"]
[Site "Antwerp"]
[Date "1997.08.08"]
[Round "7"]
[White "Lobron, Eric"]
[Black "Peker, Oleg"]
[Result "1-0"]
[WhiteElo "2540"]
[BlackElo "2370"]
[WhiteTitle "GM"]
[BlackTitle "FM"]
[Source "365chess.com"]
[Board "8"]

1. c4 g6 2. Nc3 Bg7 3. g3 e5 4. Bg2 f5 5. d4 e4 6. f3 exf3 7. exf3 Nf6 8. Nge2
O-O 9. O-O d6 10. Be3 Re8 11. Qd2 Be6 12. b3 Nbd7 13. d5 Bf7 14. Nd4 a5 15. Bh6
Bxh6 16. Qxh6 Ne5 17. Rad1 Nfd7 18. Nce2 Nf8 19. Nf4 Ned7 20. g4 fxg4 21. fxg4
Qe7 22. Nde6 Bxe6 23. dxe6 Ne5 24. Nd5 Qxe6 25. Nxc7 Qxg4 26. Nxa8 Rxa8 27. Kh1
Nf7 28. Qf4 1-0

[Event "4th Lost Boys tournamenr, Group A"]
[Site "Antwerp"]
[Date "1997.08.08"]
[Round "7"]
[White "van Mil, Johan"]
[Black "Wells, Peter Kenneth"]
[Result "1-0"]
[WhiteElo "2420"]
[BlackElo "2530"]
[WhiteTitle "IM"]
[BlackTitle "GM"]
[Source "365chess.com"]
[Board "9"]

1. e4 c5 2. c3 Nf6 3. e5 Nd5 4. Nf3 Nc6 5. Bc4 Nb6 6. Bb3 c4 7. Bc2 Qc7 8. Qe2
g5 9. Nxg5 Qxe5 10. d4 cxd3 11. Bxd3 Qxe2+ 12. Bxe2 Bg7 13. Na3 O-O 14. Be3 d5
15. Nb5 Nc4 16. Nc7 Rb8 17. Nxd5 Nxb2 18. Bf4 Ra8 19. O-O Na4 20. Rac1 h6
21. Ne4 Bf5 22. Ng3 Be6 23. c4 Rad8 24. Bf3 Nb2 25. Nh5 Nd3 26. Rb1 Nxf4
27. Nhxf4 Bc8 28. Nh5 Be5 29. Rfe1 f6 30. Ndf4 Kf7 31. Bd5+ e6 32. Nxe6 Bxe6
33. Rxb7+ Kg6 34. Rg7+ Kxh5 35. Bf3+ 1-0

[Event "4th Lost Boys tournament, Group A"]
[Site "Antwerp"]
[Date "1997.08.08"]
[Round "7"]
[White "Ree, Hans"]
[Black "Willemze, Jeroen"]
[Result "1-0"]
[WhiteElo "2435"]
[BlackElo "2270"]
[WhiteTitle "GM"]
[Source "365chess.com"]
[Board "10"]

1. c4 c6 2. d4 d5 3. e3 Bf5 4. Nc3 e6 5. Nf3 Nf6 6. Nh4 Bg6 7. Nxg6 hxg6 8. Bd2
Nbd7 9. Qc2 a6 10. Be2 b5 11. b3 Be7 12. f4 bxc4 13. bxc4 dxc4 14. Bxc4 c5
15. d5 exd5 16. Nxd5 Nxd5 17. Bxd5 Bh4+ 18. g3 Bf6 19. Rd1 Ra7 20. Qe4+ Qe7
21. Ba5 Qxe4 22. Bxe4 O-O 23. Ke2 Rb8 24. Bc6 Nf8 25. Rd2 Rc8 26. Bd5 Re7
27. Rc1 g5 28. Bc4 gxf4 29. gxf4 Ne6 30. Kf3 g5 31. Rg1 Kh7 32. Rd5 Kh6 33. Rf5
Bg7 34. fxg5+ Kg6 35. Bd3 c4 36. Bc2 Rce8 37. Rd5+ Kh5 38. g6+ Kh6 39. Bd2 f6
40. e4+ Ng5+ 41. Kf2 c3 42. Be3 Rxe4 43. Bxe4 Rxe4 44. h4 Rxh4 45. Rgxg5 fxg5
46. Bxg5+ Kxg6 47. Bxh4 c2 48. Bg5 Bb2 49. Ke2 c1=Q 50. Bxc1 Bxc1 51. Rd6+ Kf7
52. Rxa6 Ke7 53. Rc6 Bf4 54. Rc4 Bd6 55. a4 1-0

[Event "4th Lost Boys tournament, Group A"]
[Site "Antwerp"]
[Date "1997.08.08"]
[Round "7"]
[White "Hendriks, Willy"]
[Black "Shirazi, Kamran"]
[Result "1-0"]
[WhiteElo "2360"]
[BlackElo "2430"]
[BlackTitle "IM"]
[Source "365chess.com"]
[Board "11"]

1. e4 d6 2. d4 Nf6 3. Nc3 Nbd7 4. Nf3 e5 5. Bc4 Be7 6. O-O O-O 7. Re1 c6 8. a4
a5 9. Ba2 Re8 10. h3 Bf8 11. Ng5 Re7 12. dxe5 dxe5 13. f4 Qc7 14. f5 h6 15. Nf3
b5 16. axb5 cxb5 17. Be3 Rb8 18. Qe2 b4 19. Nd5 Nxd5 20. Bxd5 Nf6 21. Red1 Re8
22. Bf2 Bc5 23. Bxf7+ Qxf7 24. Bxc5 Ra8 25. Bd6 Qa7+ 26. Kh2 Ba6 27. Qe1 Qb6
28. Bxe5 Bb7 29. Rd6 Qc5 30. Rxf6 Rxe5 31. Qg3 Re7 32. Rxh6 Bxe4 33. f6 Qc7
34. fxe7 Qxg3+ 35. Kxg3 gxh6 36. Rxa5 Re8 37. Re5 Bxc2 38. Nd4 Bd3 39. Re3 Bg6
40. Nb5 Ra8 41. Nc7 Ra2 42. e8=Q+ Bxe8 43. Rxe8+ Kf7 44. Re2 Ra5 45. Ne6 Rd5
46. Nf4 Rd4 47. Kf3 Rd1 48. Re4 1-0

[Event "4th Lost Boys tournament, Group A"]
[Site "Antwerp"]
[Date "1997.08.08"]
[Round "7"]
[White "Bosboom, Manuel"]
[Black "Zak, Uriel"]
[Result "1/2-1/2"]
[WhiteElo "2430"]
[BlackElo "2330"]
[WhiteTitle "IM"]
[BlackTitle "IM"]
[Source "365chess.com"]
[Board "12"]

1. d4 d5 2. c4 e6 3. Nc3 Be7 4. Nf3 Nf6 5. Qc2 O-O 6. Bg5 c6 7. e3 Nbd7 8. a3
b6 9. cxd5 cxd5 10. Bd3 Bb7 11. O-O Rc8 12. Rfc1 Ne4 13. Bxe7 Qxe7 14. Qb3 Nxc3
15. bxc3 Nb8 16. Bb5 Nc6 17. Bxc6 Bxc6 18. a4 Rb8 19. Ne5 Rfc8 20. h3 f6 21. Nd3
Qd6 22. Nf4 Bd7 23. c4 dxc4 24. Rxc4 Rxc4 25. Qxc4 Rc8 1/2-1/2

[Event "4th Lost Boys tournament, Group A"]
[Site "Antwerp"]
[Date "1997.08.08"]
[Round "7"]
[White "Paavilainen, Jorma"]
[Black "Gershon, Alik"]
[Result "0-1"]
[WhiteElo "2315"]
[BlackElo "2420"]
[WhiteTitle "FM"]
[BlackTitle "IM"]
[Source "365chess.com"]
[Board "13"]

1. e4 c5 2. Nf3 d6 3. d4 Nf6 4. Nc3 cxd4 5. Nxd4 Nc6 6. Bg5 e6 7. Qd2 a6
8. O-O-O h6 9. Be3 Be7 10. Be2 Nxd4 11. Qxd4 e5 12. Qb6 Qxb6 13. Bxb6 Be6 14. f3
Kd7 15. Na4 Kc6 16. Rd3 Rac8 17. Rhd1 d5 18. b3 d4 19. c3 Nd7 20. Bxd4 exd4
21. cxd4 b5 22. Nb2 Kb7+ 23. Kb1 f6 24. f4 Bf7 25. Bg4 Rcd8 26. Bf3 Kb8 27. Rc3
Rc8 28. Rdc1 Rxc3 29. Rxc3 Rc8 30. Nd1 Rxc3 31. Nxc3 f5 32. exf5 Bf6 33. Ne2 Nb6
34. Kc2 Nd5 35. g4 Kc7 36. h3 Kd6 37. a3 Nc7 38. Kc3 a5 39. Bb7 Bd5 0-1

[Event "4th Lost Boys tournament, Group A"]
[Site "Antwerp"]
[Date "1997.08.08"]
[Round "7"]
[White "Cools, Gorik"]
[Black "Claesen, Pieter"]
[Result "0-1"]
[WhiteElo "2300"]
[BlackElo "2415"]
[BlackTitle "FM"]
[Source "365chess.com"]
[Board "14"]

1. e4 e6 2. d4 d5 3. e5 c5 4. c3 Qb6 5. Nf3 Nc6 6. a3 a5 7. Bd3 Bd7 8. O-O cxd4
9. cxd4 Nxd4 10. Nxd4 Qxd4 11. Nc3 Ne7 12. Re1 Nc6 13. Nb5 Qb6 14. Be3 Qd8
15. Bf4 Be7 16. Qh5 a4 17. Rac1 Qa5 18. Bg5 Bf8 19. h4 Rc8 20. Qe2 Qb6 21. h5 h6
22. Bh4 Be7 23. Nd6+ Bxd6 24. exd6 O-O 25. Bb1 Qd4 26. Bg3 f5 27. Rcd1 Qf6
28. f3 Qg5 29. Bf2 Na5 30. Rd4 Rc4 31. f4 Qf6 32. Qd1 Rfc8 33. Rxc4 Nxc4 34. Bd4
Qf8 35. Bc2 b5 36. Bd3 Qxd6 37. Qf3 Qf8 38. Qe2 Qf7 39. Kf2 Nd6 40. Rh1 Ne4+
41. Bxe4 fxe4 42. Be5 Qe7 43. Kg3 b4 44. axb4 Qxb4 45. Rh4 Rf8 46. Rg4 Rf7
47. Rg6 Qe7 48. Qe3 Be8 49. Qc3 Qd7 50. Qd4 Re7 51. Rg4 Bxh5 52. Rh4 Bg6 53. Kh2
Kh7 54. Rh3 Qa7 55. Rc3 Qxd4 56. Bxd4 Bh5 57. Rc6 Kg6 58. g3 Kf5 59. Ra6 Bd1
60. Ra8 e3 61. Bxe3 Ke4 62. Bc5 Rc7 63. Bf8 d4 64. Re8 Bg4 65. Kg1 Kf3 0-1

[Event "4th Lost Boys tournament, Group A"]
[Site "Antwerp"]
[Date "1997.08.08"]
[Round "7"]
[White "Donk, Merlijn Silvester"]
[Black "Dutreeuw, Marc"]
[Result "1/2-1/2"]
[WhiteElo "2310"]
[BlackElo "2400"]
[WhiteTitle "FM"]
[BlackTitle "IM"]
[Source "365chess.com"]
[Board "15"]

1. c4 e6 2. Nf3 Nf6 3. d4 d5 4. Nc3 Be7 5. Bg5 h6 6. Bh4 O-O 7. e3 b6 8. cxd5
Nxd5 9. Bxe7 Qxe7 10. Nxd5 exd5 11. Be2 Be6 12. O-O c5 13. Qa4 c4 14. Ne5 Rc8
15. f4 f6 16. Ng6 Qe8 17. Qxe8+ Rxe8 18. f5 Bf7 19. Bf3 Na6 20. Nf4 Rxe3 21. Kf2
Ree8 22. Nxd5 Rad8 23. Ne3 Rxd4 24. Rfd1 Red8 25. Rxd4 Rxd4 26. Rd1 Rxd1
27. Nxd1 Kf8 28. Ke3 Nb4 29. a3 Nc2+ 30. Ke4 Ke7 31. Ne3 Nxe3 32. Kxe3 Kd6
33. Kd4 b5 34. Bb7 Kc7 35. Bf3 Kb6 36. g3 a5 37. Be2 Kc6 38. Bf3+ Kd6 39. Bb7 b4
40. axb4 axb4 41. Ba6 c3 42. bxc3 b3 43. Bd3 Bh5 44. c4 Bd1 45. c5+ Kc7 46. Bb5
b2 1/2-1/2

[Event "4th Lost Boys tournament, Group A"]
[Site "Antwerp"]
[Date "1997.08.09"]
[Round "8"]
[White "Georgiev, Kiril Dimitrov"]
[Black "Ree, Hans"]
[Result "1-0"]
[WhiteElo "2670"]
[BlackElo "2435"]
[WhiteTitle "GM"]
[BlackTitle "GM"]
[Source "http://www.lostcity.nl/chess/antwerp97/games.html"]
[Board "4"]

1. e4 e6 2. d4 d5 3. Nd2 Nf6 4. e5 Nfd7 5. f4 c5 6. c3 Nc6 7. Ngf3 cxd4 8. cxd4
f6 9. Bd3 fxe5 10. dxe5 Nc5 11. Bb1 Be7 12. O-O Qb6 13. Kh1 O-O 14. Nb3 Nxb3
15. axb3 Bd7 16. f5 Be8 17. fxe6 Rd8 18. Bd2 d4 19. Bd3 Bh5 20. Bxh7+ Kh8
21. Be4 Qb5 22. h3 Bxf3 23. Rxf3 Qxe5 24. Rxf8+ Rxf8 25. Qg4 Rf6 26. Bg5 Bd6
27. Qh5+ 1-0

[Event "4th Lost Boys tournament, Group A"]
[Site "Antwerp"]
[Date "1997.08.09"]
[Round "8"]
[White "Nijboer, Friso"]
[Black "Röder, Mathias"]
[Result "1/2-1/2"]
[WhiteElo "2605"]
[BlackElo "2435"]
[WhiteTitle "GM"]
[BlackTitle "IM"]
[Source "http://www.lostcity.nl/chess/antwerp97/games.html"]
[Board "5"]

1. e4 c5 2. Nf3 d6 3. d4 cxd4 4. Nxd4 Nf6 5. Nc3 a6 6. f4 e5 7. Nf3 Nbd7 8. a4
Be7 9. Bd3 O-O 10. O-O Nc5 11. Kh1 exf4 12. Bxf4 Bg4 13. Be3 Rc8 14. Qd2 Nxd3
15. cxd3 d5 16. Bd4 dxe4 17. dxe4 Bxf3 18. gxf3 Bc5 19. Rad1 Bxd4 20. Qxd4 Qxd4
21. Rxd4 Rfd8 22. Rfd1 Rxd4 23. Rxd4 Kf8 24. Kg2 Ke8 25. Rb4 Rc7 26. f4 Kd8
27. Kf3 Kc8 28. e5 Nd7 29. Rd4 Rc6 30. Ne4 f6 31. Nd6+ Kc7 32. Ke4 Rc1 33. Kf5
fxe5 34. fxe5 Rf1+ 35. Ke6 Kc6 36. Rc4+ Nc5+ 37. Ke7 Re1 38. Nf7 Kd5 39. Rc2
Nxa4 40. Rd2+ Kc4 41. e6 Nc5 42. Nd8 a5 43. Kf7 Ne4 44. Rg2 Nd6+ 45. Kxg7 a4
46. Rd2 Kc5 47. Kf8 b5 48. Rf2 b4 49. e7 b3 50. Nf7 Nc4 51. e8=Q Rxe8+ 52. Kxe8
a3 53. bxa3 b2 54. Rf5+ Kb6 55. Rf6+ Kc5 56. Rf1 Nd2 57. Rd1 b1=Q 58. Rxb1 Nxb1
59. a4 Nd2 60. Ne5 Kd5 61. a5 Kxe5 62. a6 Nc4 63. a7 Nb6 64. h4 h5 65. Kd8 Kd6
66. Ke8 Ke6 67. Kd8 Kd6 68. Ke8 1/2-1/2

[Event "4th Lost Boys tournament, Group A"]
[Site "Antwerp"]
[Date "1997.08.09"]
[Round "8"]
[White "Avrukh, Boris Leonidovich"]
[Black "Hendriks, Willy"]
[Result "1-0"]
[WhiteElo "2550"]
[BlackElo "2360"]
[WhiteTitle "GM"]
[Source "http://www.lostcity.nl/chess/antwerp97/games.html"]
[Board "6"]

1. d4 Nf6 2. c4 c5 3. d5 b5 4. Nf3 g6 5. cxb5 a6 6. b6 d6 7. Nc3 Nbd7 8. a4
Qxb6 9. a5 Qb4 10. Ra4 Qb7 11. e4 Bg7 12. Bc4 O-O 13. O-O Ne8 14. Ra2 Nc7
15. Qd3 Rb8 16. Bf4 Qa7 17. Re1 Rb4 18. b3 Qb8 19. Ne2 Rb7 20. Qe3 Nb5 21. Bh6
Nf6 22. h3 e5 23. dxe6 Bxe6 24. Bxg7 Kxg7 25. Nf4 Re8 26. e5 dxe5 27. Nxe6+ fxe6
28. Qxc5 e4 29. Ng5 e5 30. Ne6+ Kh8 31. Rd2 Rxe6 32. Bxe6 Nd4 33. Rxd4 exd4
34. Qxd4 Kg7 35. Rc1 Qf4 36. Rc6 Rc7 37. g3 Rxc6 38. gxf4 Rxe6 39. b4 1-0

[Event "4th Lost Boys tournament, Group A"]
[Site "Antwerp"]
[Date "1997.08.09"]
[Round "8"]
[White "van Mil, Johan"]
[Black "Lobron, Eric"]
[Result "0-1"]
[WhiteElo "2420"]
[BlackElo "2540"]
[WhiteTitle "IM"]
[BlackTitle "GM"]
[Source "http://www.lostcity.nl/chess/antwerp97/games.html"]
[Board "7"]

1. e4 c5 2. c3 e6 3. d4 d5 4. exd5 exd5 5. Be3 cxd4 6. Bxd4 Nc6 7. Nf3 Nxd4
8. Nxd4 Bc5 9. Bb5+ Kf8 10. O-O Nf6 11. Be2 g6 12. Bf3 h5 13. Re1 Ng4 14. g3 Qf6
15. b4 Bb6 16. a4 Ne5 17. Bxd5 Bg4 18. Qd2 Rd8 19. Bxb7 Bf3 20. Qf4 Qxf4
21. gxf4 Bxb7 22. fxe5 Bxd4 23. cxd4 Rxd4 24. b5 Kg7 25. Nc3 Rg4+ 26. Kf1 Rg2
27. Re3 Rxh2 28. Ke2 h4 29. Ne4 h3 30. Ng5 Bd5 31. Rc1 Rh5 32. e6 Bxe6 33. Nxe6+
fxe6 34. Rxe6 Rf5 35. Re7+ Kf6 36. Rxa7 Rhxf2+ 37. Ke3 h2 38. Rh7 R5f3+ 39. Ke4
Ra3 40. Kd5 Rxa4 41. Rb1 Rg4 42. Rh1 Rd2+ 43. Kc5 Rg5+ 44. Kc4 Rgg2 45. b6 Rb2
46. b7 Kf5 47. Kd4 g5 48. R7xh2 Rxh2 49. Rxh2 Rxb7 50. Rf2+ Kg4 51. Rf1 Kh3
52. Rf5 g4 53. Ke3 Rb3+ 54. Ke2 g3 55. Rh5+ Kg2 56. Rh8 Kg1 0-1

[Event "4th Lost Boys tournament, Group A"]
[Site "Antwerp"]
[Date "1997.08.09"]
[Round "8"]
[White "Nio Bertholée, Rob"]
[Black "Ljubojević, Ljubomir"]
[Result "0-1"]
[WhiteElo "2340"]
[BlackElo "2565"]
[WhiteTitle "FM"]
[BlackTitle "GM"]
[Source "http://www.lostcity.nl/chess/antwerp97/games.html"]
[Board "8"]

1. Nc3 d5 2. e4 dxe4 3. Nxe4 Nc6 4. Nf3 Bf5 5. Ng3 Bg6 6. Bc4 e6 7. d3 a6
8. Bd2 h6 9. Qe2 Nf6 10. O-O Be7 11. a4 O-O 12. Rfb1 Nd5 13. Qe1 Ncb4 14. Bb3
Bh7 15. a5 c5 16. Ne5 Kh8 17. Nc4 Nc6 18. Ne2 Qc7 19. Nc3 Ndb4 20. Qc1 Rad8
21. Bf4 e5 22. Bg3 f6 23. f4 Nd4 24. Ba4 Nd5 25. Nxd5 Rxd5 26. Qe1 exf4 27. Bxf4
Qxf4 28. Qxe7 Nf3+ 29. Kf2 Nxh2+ 30. Ke2 Rb8 31. Qe3 Qg4+ 32. Kd2 Qxc4 33. Qg3
Rbd8 34. Qxh2 Rxd3+ 35. cxd3 Qxd3+ 36. Ke1 Qe3+ 37. Kf1 Bd3# 0-1